| 000 | 00832cam a2200313 4500 | ||
|---|---|---|---|
| 001 | ABS66229 | ||
| 008 | 030106n2002 000 0 eng u | ||
| 035 | _a(Sirsi) u120917 | ||
| 245 | _aRegional survey: Essex and north-east London boroughs | ||
| 260 | _c2002 | ||
| 490 |
_aProperty Week _v67(47) 6 December 2002, 67-74(5) |
||
| 590 | _aABS | ||
| 650 | _aINDUSTRIAL MARKET | ||
| 650 | _aREGENERATION | ||
| 650 | _aLONDON DEVELOPMENT AGENCY | ||
| 650 | _aESSEX | ||
| 650 | _aSTRATFORD | ||
| 650 | _aBARKING | ||
| 650 | _aCANNING TOWN | ||
| 650 | _aRAINHAM | ||
| 650 | _aWEST THURROCK | ||
| 650 | _aDAGENHAM | ||
| 650 | _aSILVERTOWN | ||
| 650 | _aBROMLEY BY BOW | ||
| 650 | _aDISTRIBUTION | ||
| 650 | _aNORTHEAST LONDON | ||
| 690 | _aPROPERTY-COMMERCIAL PROPERTY-COMMERCIAL PROPERTY MARKET | ||
| 942 | _n0 | ||
| 999 |
_c71875 _d71875 |
||